000 00661nam a2200253Ia 4500
003 OSt
005 20221005125149.0
006 a|||||r|||| 00| 0
007 ta
008 221004b |||||||| |||| 00| 0 rus d
024 _a53419
037 _cTextual
040 _aCRL
_cCRL
_brus
041 _2rus
_arus
082 _aO142,3M09,14, 32J9
100 _aGogol Au.
_9634788
245 0 _aOvercoat
260 _c1959
650 _a RUSSIAN LITERATURE
650 _aRUSSIAN FICTION
700 _a Krishna T. N. Tr.
_9636245
942 _hO142,3M09,14, 32J9
_cTEXL
_2cc
999 _c1053139
_d1053139